Statistiques concernant AutoCad Tools

Cliquez ici pour prendre le quiz!

Statistiques générales

  • Ce quiz a été pris 7 fois
  • Le résultat moyen est 3 sur 76

Statistiques - réponses

HintRéponse% Correct
MENU DESSINL
83%
VUEP
50%
RETOURU
33%
MODIFICATIONAJ
17%
MENU DESSINC
17%
MENU DESSINLIGNE
17%
MODIFICATIONMI
17%
MODIFICATIONPR
17%
MODIFICATIONRI
17%
VUEZ
17%
COORDONNEES<
0%
COORDONNEES@
0%
MODIFICATIONAJUSTER
0%
COORDONNEESANGLE
0%
RETOURANNULER
0%
ACCROCHAGEAUC
0%
ACCROCHAGEAUCUN
0%
ACCROCHAGECEN
0%
ACCROCHAGECENTRE
0%
MENU DESSINCERCLE
0%
MODIFICATIONCF
0%
MODIFICATIONCHANFREIN
0%
COORDONNEESCOORDONNEES ABSOLUES
0%
MODIFICATIONCOPIER
0%
MODIFICATIONCP
0%
MODIFICATIONDC
0%
MODIFICATIONDECALER
0%
COTATIONDEP
0%
MODIFICATIONDEPLACER
0%
COTATIONDEPUIS
0%
COORDONNEESDISTANCE PAR RAPPORT À POINT
0%
MODIFICATIONDP
0%
COTATIONECHLTP (ECHELLE DU TYPE DE LIGNE)
0%
COTATIONECT
0%
COTATIONED
0%
COTATIONEDIT
0%
MODIFICATIONEF
0%
MODIFICATIONEFFACER
0%
ACCROCHAGEEXT
0%
ACCROCHAGEEXTREMITE
0%
ACCROCHAGEINS
0%
ACCROCHAGEINT
0%
ACCROCHAGEINTERSECTION
0%
INFORMATIONLISTE
0%
INFORMATIONLS
0%
ACCROCHAGEM2P
0%
ACCROCHAGEMENU ACCROCHAGE POINT
0%
MODIFICATIONMG
0%
ACCROCHAGEMIL
0%
ACCROCHAGEMILIEU
0%
ACCROCHAGEMILIEU ENTRE DEUX POINTS
0%
MODIFICATIONMIROIR
0%
MODIFICATIONMODIFLONG
0%
VUEPAN
0%
ACCROCHAGEPER
0%
ACCROCHAGEPERPENDICULAIRE
0%
ACCROCHAGEPOINT D'INSERTION
0%
ACCROCHAGEPRO
0%
ACCROCHAGEPROCHE
0%
MODIFICATIONPROLONGE
0%
COTATIONPROP
0%
COTATIONPROPRIÉTÉS
0%
ACCROCHAGEQUA
0%
ACCROCHAGEQUADRANT
0%
MODIFICATIONRACCORD
0%
MODIFICATIONRD
0%
MODIFICATIONRE
0%
MODIFICATIONRESEAU
0%
MODIFICATIONROTATION
0%
ACCROCHAGE[SHIFT] + CLIC DROIT
0%
ACCROCHAGETAN
0%
ACCROCHAGETANGENTE
0%
COTATIONTEXTE
0%
COTATIONTX
0%
COORDONNEESX,Y
0%
VUEZOOM
0%

Distribution des résultats

Percentile par nombre de réponses

% des personnes avec chaque résultat

Votre développement - résultats

Vous n’avez pas pris ce quiz